Statistics for Space General Knowledge

Click here to take the quiz!

General Stats

  • This quiz has been taken 19 times
  • The average score is 5 of 15

Answer Stats

QuestionAnswer% Correct
What is the largest planet in our solar system?Jupiter
82%
What has a gravitational pull so strong that even light cannot escape it?Black Hole
65%
How many planets are in the Solar System?Eight
53%
Which NASA space flight was the last manned mission to the moon?Apollo 17
41%
What type of galaxy is the most common in the universe?Elliptical
41%
How old is the universe in years?13.8 Billion
35%
What is the closest star to the Sun?Proxima Centauri
35%
How many minutes was the shortest space flight?15
29%
What is the most common type of star found in the Milky Way?Red Dwarf
29%
What percent of the universe is dark matter?27%
18%
The hottest place in the universe is located in which constellation?Virgo
18%
What is the largest planet in our solar system?Mercury
12%
What is the largest type of star in the universe?Red Supergiant
12%
What is the coldest place in the universe? (Hint: It’s a nebula.)The Boomerang Nebula
6%
What is the longest continuous time a human has spent in space?437 Days
0%

Score Distribution

Percentile by Number Answered

Percent of People with Each Score

Your Score History

You have not taken this quiz